000
00253nam a2200109Ia 4500
008
220204s9999 xx 000 0 und d
082
_a
051
_b
KHU
100
_a
KHURGIN, Y
245
0
_a
Did you say mathematics
260
_a
Moscow
_b
Mir
_c
1974
942
_c
BK
999
_c
24157
_d
24157